Alaska Airlines Destinations from SAN (San Diego) - Statistics

General Stats
  • This quiz has been taken 16 times
    6 since last reset
  • The average score is 38 of 40
Answer Stats
Hint Answer % Correct
Alaska (Seasonal) Anchorage
100%
Georgia Atlanta
100%
Texas Austin
100%
Idaho Boise
100%
Massachusetts Boston
100%
Montana (Seasonal) Bozeman
100%
Colorado (Seasonal) Eagle/Vail
100%
Florida (Seasonal) Fort Lauderdale
100%
California Fresno
100%
Colorado (Seasonal) Hayden/Steamboat Springs
100%
Hawaii Honolulu
100%
Wyoming (Seasonal) Jackson Hole
100%
Hawaii Kailua/Kona
100%
Nevada Las Vegas
100%
Montana (Seasonal) Missoula
100%
New Jersey Newark
100%
New York New York - JFK
100%
Florida Orlando
100%
Oregon Portland
100%
Mexico Puerto Vallarta
100%
Oregon Redmond/Bend
100%
Nevada (Seasonal) Reno/Tahoe
100%
California Sacramento
100%
California San Francisco
100%
California San Jose
100%
Mexico San Jose del Cabo
100%
Washington Seattle/Tacoma
100%
Washington Spokane
100%
Florida Tampa
100%
District of Columbia Washington - Dulles
100%
District of Columbia Washington - Reagan
100%
Oregon Eugene
75%
Washington Everett
75%
Hawaii Kahului
75%
Montana (Seasonal) Kalispell
75%
Hawaii Lihue
75%
Oregon Medford
75%
California San Luis Obispo
75%
California Santa Rosa
75%
California Monterey
50%
No matching quizzes found
Score Distribution
Percent of People with Each Score
Percentile by Number Answered
Your Score History
You have not taken this quiz since the last reset